| 000 | 00617nac a22001691u 4500 | ||
|---|---|---|---|
| 020 | _a8121920566 | ||
| 082 |
_a658.5 _bT277 |
||
| 090 |
_c1150 _d1150 |
||
| 100 | _aTelsang, Marland T. | ||
| 245 |
_aIndustrial and business management / _cMarland T. Telsang. |
||
| 260 |
_aNew Delhi : _bS Chand & Co., _c2001. |
||
| 300 |
_a771 p. : _c25 cm. |
||
| 504 | _aIncludes bibliographies and indexes. | ||
| 650 | _aIndustrial management. | ||
| 942 |
_cBB _k658.5T277 |
||
| 999 |
_c1150 _d1150 |
||